<?xml version="1.0" encoding="UTF-8"?>
<record
    xmlns:xsi="http://www.w3.org/2001/XMLSchema-instance"
    xsi:schemaLocation="http://www.loc.gov/MARC21/slim http://www.loc.gov/standards/marcxml/schema/MARC21slim.xsd"
    xmlns="http://www.loc.gov/MARC21/slim">

  <leader>00471    a2200109   4500</leader>
  <controlfield tag="001">ART_15662</controlfield>
  <controlfield tag="005">20260410161918.0</controlfield>
  <controlfield tag="008">260409a                                 </controlfield>
  <datafield tag="245" ind1="1" ind2="0">
    <subfield code="a">Exteriorizaci&#xF3;n en el dominio de la contabilidad microsocial de impactos vinculados con redes de inclusi&#xF3;n laboral de j&#xF3;venes</subfield>
  </datafield>
  <datafield tag="100" ind1="1" ind2=" ">
    <subfield code="a">Piacquad&#xED;o, Cecilia</subfield>
  </datafield>
  <datafield tag="773" ind1="0" ind2=" ">
    <subfield code="t">Documentos de trabajo de contabilidad, auditor&#xED;a y responsabilidad social</subfield>
    <subfield code="g">- A&#xF1;o 2, N&#xBA; 3 (jun. 2012)</subfield>
    <subfield code="w">REV14385</subfield>
  </datafield>
  <datafield tag="999" ind1=" " ind2=" ">
    <subfield code="c">27448</subfield>
    <subfield code="d">27448</subfield>
  </datafield>
</record>
